000 00838nam a22002777a 4500
003 BUBTL
008 131006b xxu||||| |||| 00| 0 eng d
020 _a81-7515-257-5
024 _cAvailable
037 _cAvailble
040 _aMBSTU LIBRARY
_dMBSTU LIBRARY
082 _222
_a005.1/ H7853c/ 1998
100 _aHorowitz, Ellis
_91506
245 _aComputer Algorithms/C++ /
_cEllis Horowitz, Sartaj Sahni, Sanguthevar Rajasekaran
250 _a2nd ed.
260 _aNew Delhi :
_bGalgotia publications pvt,
_cc1998.
270 _aNew Delhi
_bNew Delhi
_dIndia
300 _axxii,769 p. :
_c20 cm.
365 _b276.00
_d276.00
650 0 _9457
_aComputer Science
700 _aSahni,Sartaj
_91507
700 _aRajasekaran,Sanguthevar
_91508
856 _k0
_l0
_yDownload
942 _2ddc
_cBK
999 _c692
_d692